000 00813nas a2200241 454500
001 32487
005 20260407193508.0
008 260407s1969####ag###########|||spa#d
003 AR-UNSa-BCEJYS
040 _aAR-UNSa-BCEJYS
_bspa
_cAR-UNSa-BCEJYS
080 _a311.3
_xOrganización general de las estadisticas. Estadística oficial
245 1 0 _aNavegación comercial argentina
264 1 _aBuenos Aires :
_bINDEC
_c1969
310 _aFrecuencia: Anual
041 _aspa
942 _cSER
590 _aniveau_biblio:s niveau_hierar:1
100 1 _aInstituto Nacional de Estadística y Censos (INDEC)
650 _aDatos estadísticos
650 _aTransporte marítimo
650 _aNAVEGACION
856 4 1 _uhttps://biblioeco.unsa.edu.ar/pmb/images/libros/navegacion_indec.jpg
_yImagen de portada
_qimage/jpeg
999 _c8723
_d8723